000 00524cam a22002174a 4500
005 20250605164313.0
008 250528s ||||||||||||||||||||||||d
035 _a22585
020 _a9780199286706
040 _aGR-AtMCL
_bgre
_dGR-AtMCL
_eAACR2
245 1 _aBASIC VISION
250 _a1
260 _bOxford University Press,
_c2006
300 _a382
700 1 _aSnowden Robert
_92186
700 1 _aThomson Peter
_92187
700 1 _aTroscianco Tom
_92188
942 _cBK
999 _c7633
_d7633